| 000 | 00927nam a2200181 4500 | ||
|---|---|---|---|
| 001 | 9581 | ||
| 090 | _a9581 | ||
| 099 | _tLIVR | ||
| 100 | _a20260324d u||y0frey5050 ba | ||
| 101 | _afre | ||
| 102 | _aTN | ||
| 200 |
_aFestins _bLIVR _fGeorges Castro |
||
| 210 |
_aTunis _cAl-Asria _d1980 |
||
| 215 |
_a78 _ccouv. coul. _d20.5x13 |
||
| 330 | _a« Cette écriture poétique (toute de classicisme et de rigueur) à laquelle on est de moins en moins habitué, mais qui conserve tous ses mérites, a l'avantage de s'imposer mieux à la lecture et à la mémoire qu'une écriture plus éclatée, telle que la pratiquent tel ou tel de nos jeunes poètes contemporains. » « Un manuscrit de cette qualité devrait prendre place dans une de nos meilleures collections. » р. с. с. Editions Saint Germain des Prés Le cherche midi éditeur, Paris. | ||
| 700 |
_4070 _aCastro _bGeorges |
||
| 801 |
_aTN _b32BIS _c20260324 _gUNIMARC |
||
| 830 | _aSG | ||